Wavelets, vibrations, and scalings /
Guardado en:
| Autor Principal: | |
|---|---|
| Formato: | Libro |
| Idioma: | English |
| Publicado: |
Providence, R.I. :
American Mathematical Society,
c1998.
|
| Series: | CRM monograph series,
v. 9 |
| Etiquetas: |
Agregar Etiqueta
Sin Etiquetas, Sea el primero en etiquetar este registro!
|
| LEADER | 01071nam a22002295a 4500 | ||
|---|---|---|---|
| 001 | MAT.inmabb000049 | ||
| 008 | 970821s1998####riua#####b####001#0#eng#d | ||
| 005 | 20150313172009.0 | ||
| 245 | 1 | 0 | |a Wavelets, vibrations, and scalings / |c Yves Meyer. |
| 260 | |a Providence, R.I. : |b American Mathematical Society, |c c1998. | ||
| 300 | |a ix, 133 p. ; |c 26 cm. | ||
| 440 | 0 | |a CRM monograph series, |x 1065-8599 ; |v v. 9 | |
| 546 | |a Prefacio en francés. | ||
| 504 | |a Incluye referencias bibliográficas (p. 127-128) e índice. | ||
| 505 | 0 | |a 1. Scaling exponents at small scales -- 2. Infrared divergences and Hadamard's finite parts -- 3. The 2-microlocal spaces $C{s,s{ prime}}_{x_0}$ -- 4. New characterizations of the two-microlocal spaces -- 5. An adapted wavelet basis -- 6. Combining a Wilson basis with a wavelet basis. | |
| 510 | 4 | |a MR, |c 99i:42051 | |
| 020 | |a 0821806858 | ||
| 100 | 1 | |a Meyer, Yves. | |
| 084 | |a 42C40 (42A16 26A16 26A30 26B35) |2 MR |9 2000 | ||
| 010 | |a 97034730 | ||
| 859 | |h 42 |i M612w |p A-7747 |b BIB. MATEMATICA | ||
| 859 | |h 42 |i M612w |p A-8188 |t Ej. 2 |b BIB. MATEMATICA | ||
